Capitales par drapeaux - Statistiques

Statistiques générales
  • Ce quiz a été pris 497 fois
  • Le résultat moyen est 131 sur 196
Statistiques - réponses
Par images Réponse % Correct
Paris
99%
Rome
98%
Berlin
97%
Tokyo
97%
Washington
97%
Madrid
96%
Bruxelles
95%
Pékin
95%
Brasilia
94%
Buenos Aires
92%
Séoul
92%
New Delhi
88%
Ottawa
88%
Alger
85%
Canberra
84%
Dublin
84%
Athènes
83%
Bogota
82%
Lisbonne
82%
Amsterdam
81%
Londres
81%
Sofia
81%
Vatican
81%
Copenhague
80%
Le Caire
80%
Tunis
80%
Helsinki
79%
Jérusalem
79%
Luxembourg
79%
Mexico
79%
Zagreb
79%
Stockholm
78%
Vienne
78%
Ankara
77%
Berne
77%
Monaco
77%
Moscou
77%
Pretoria / Le Cap / Bloemfontein
77%
Andorre-la-Vieille
76%
Minsk
76%
Oslo
76%
Pyongyang
76%
Rabat
76%
Reykjavik
76%
Varsovie
76%
Santiago
75%
Tirana
75%
Beyrouth
74%
Budapest
74%
Dakar
74%
Nicosie
74%
Quito
74%
Riyad
74%
Kiev
73%
Kingston
73%
Singapour
73%
Wellington
73%
Bucarest
72%
La Valette
72%
Phnom Penh
72%
Saint-Marin
72%
Tallinn
72%
Téhéran
72%
Bangkok
71%
Doha
71%
Prague
71%
Sarajevo
71%
Vaduz
71%
Hanoï
70%
Jakarta
70%
Kinshasa
70%
La Havane
70%
Lima
70%
Nairobi
70%
Panama
70%
Riga
70%
Skopje
70%
Yaoundé
70%
Bagdad
69%
Caracas
69%
Erevan
69%
Kaboul
69%
Montevideo
69%
Vilnius
69%
Yamoussoukro
69%
Bamako
68%
Ljubljana
68%
Pristina
68%
Belgrade
67%
Brazzaville
67%
Guatemala
67%
Islamabad
67%
Katmandou
67%
Ouagadougou
67%
Podgorica
67%
Tbilissi
67%
Bakou
66%
Bratislava
66%
Chișinău
66%
Djibouti
66%
Kuala Lumpur
66%
Nassau
66%
Oulan-Bator
66%
Saint-Domingue
66%
San José
66%
Vientiane
66%
Abou Dabi
65%
Belmopan
65%
Noursoultan
65%
Dacca
64%
Damas
64%
Luanda
64%
Port-au-Prince
64%
Praia
64%
Sucre / La Paz
64%
Addis-Abeba
63%
Antananarivo
63%
Koweït
63%
Tegucigalpa
63%
Tripoli
63%
Amman
62%
Asuncion
61%
Bandar Seri Begawan
61%
Bangui
61%
Libreville
61%
Porto-Novo
61%
Taipei
61%
Georgetown
60%
Malé
60%
Manille
60%
Mbabane
60%
Moroni
60%
Bichkek
59%
Conakry
59%
Gaborone
59%
Niamey
59%
Roseau
59%
San Salvador
59%
Abuja
58%
Asmara
58%
Bissau
58%
Managua
58%
Manama
58%
Maseru
58%
Naypyidaw
58%
Bridgetown
57%
Castries
57%
Gitega
57%
Harare
57%
Nouakchott
57%
Port-Louis
57%
Port Moresby
57%
São Tomé
57%
Thimphou
57%
Douchanbé
56%
Freetown
56%
Lilongwe
56%
Mascate
56%
Mogadiscio
56%
Monrovia
56%
N'Djaména
56%
Saint-Georges
56%
Victoria
56%
Accra
55%
Dili
55%
Sanaa
55%
Sri Jayawardenapura Kotte
55%
Tachkent
55%
Lomé
54%
Maputo
54%
Saint-John's
54%
Suva
54%
Banjul
53%
Paramaribo
53%
Windhoek
53%
Achgabat
52%
Basseterre
52%
Kampala
52%
Kigali
52%
Lusaka
52%
Port-d'Espagne
52%
Dodoma
51%
Khartoum
51%
Malabo
51%
Tarawa-Sud
51%
Yaren
51%
Palikir
50%
Apia
49%
Kingstown
49%
Djouba
48%
Nuku'alofa
48%
Port-Vila
47%
Ngerulmud
46%
Honiara
45%
Majuro
45%
Funafuti
44%
Aucun quiz correspondant
Distribution des résultats
% des personnes avec chaque résultat
Percentile par nombre de réponses
Votre historique - résultats
Vous n’avez pas pris ce quiz